000 00524nam a2200169Ia 4500
999 _c863
_d863
003 OSt
005 20200915152332.0
008 190216s9999||||xx |||||||||||||| ||und||
040 _coclc
082 _a892.71
_bZUB/S
100 _aZubair, K M A Ahmed
_94609
245 0 _aSelections From Modern Arabic Poetry /
_cK M A Ahmed Zubair ; A S Thajudeen Mannani
260 _bSulaikha Publications,
_c2011.
_aTrivandrum:
300 _a95p
650 _aArabic
942 _cBK
_2ddc
_h892.71
_iZUB/S
_k892.71
_mZUB/S